000 00694nam a2200229 a 4500
008
020 _a0082034079 (hbk.)
049 _aMAIN
090 0 _aTK7816PRI
100 1 _aPridham, G. J.
245 1 0 _aElectronic devices and circuits,
_cby G. J. Pridham.
260 _aOxford, New York :
_bPergamon Press,
_c[1968-
300 _axi, 344 p. :
_bill. ;
_c20cm.
440 _aThe Commonwealth and international library. Electrical engineering division.
500 _aIncludes index.
650 0 _aElectronics.
907 _a.b10163013
_b09-06-07
_c11-05-05
003
005 20230123134010.0
040 _cNUST
942 _cBOOKS
_kTK7816PRI
999 _c158250
_d158250